The birds of Greece

Αποθηκεύτηκε σε:
Λεπτομέρειες βιβλιογραφικής εγγραφής
Κύριος συγγραφέας: Χανδρινός, Γιώργος 1954-
Άλλοι συγγραφείς: Ακριώτης, Τριαντάφυλλος
Μορφή: Βιβλίο
Γλώσσα:English
Δημοσίευση: London : Christopher Helm, 1997
Θέματα:
Ετικέτες: Προσθήκη ετικέτας
Δεν υπάρχουν, Καταχωρήστε ετικέτα πρώτοι!

MARC

LEADER 00000nam a2200000 i 4500
001 1/26876
008 970320s1997 eng d
020 |a 0-7136-3929-6 
035 |l 10068333 
040 |a GR-MY-UA  |b gre  |e aacr 
041 0 |a eng 
082 0 |a 598.09495 
100 1 |a Χανδρινός, Γιώργος  |d 1954- 
245 1 4 |a The birds of Greece /  |c George Handrinos and Triantaphyllos Akriotis 
260 |a London :   |b Christopher Helm,   |c 1997 
300 |a 336 σ.  |b εικ. 
504 |a Περιέχει βιβλιογραφία και ευρετήριο 
650 0 0 |a Birds  |z Greece. 
650 0 0 |a Birds  |z Greece  |x Identification. 
700 1 |a Ακριώτης, Τριαντάφυλλος. 
852 |a INST  |b LESVOS  |e 19970320  |h 598.09495 ΧΑΝ  |p 005100011752  |q 005100011752  |t BK  |y 620 
852 |a INST  |b LESVOS  |e 20020826  |h 598.09495 ΧΑΝ  |p 005100025219  |q 005100025219  |t BK  |y 0 
901 |a BIBL1-2003-2 
909 |a Λ  |b 049744 
909 |a Λ  |b 102082 
950 |a 023-2002-03-27